Score 0/24 Timer 12:00
0 Plays Today
Hint City % Correct
This city suffered tremendously during World War II, with 85% of its buildings destroyed; its Jewish ghetto was liquidated in April 1943 after an unsuccessful uprising Warsaw
88.9%
This city has famously resisted invasions by Napoleon and Hitler's GermanyMoscow
86.1%
Sold to the US by France in 1803, this city became the gateway to the West and was the first non-European city to host the OlympicsSaint Louis
80.6%
This high-altitude city, located in a valley surrounded by mountains, is highly dependent on tourism and boasts many Hindu and Buddhist sites Kathmandu
80.6%
This capital city on the Khomas Highland plateau was first settled by an Afrikaner and founded by a German army major Windhoek
77.8%
This northern city, known for a time as Kristiania, is one of the most expensive in the worldOslo
75%
The automobile is purported to have been invented in this Swabian city by Karl Benz, and the city is home to the headquarters of both Mercedes-Benz and Porsche Stuttgart
75%
This port city played a big role in the American slave trade and was by far the biggest southern city in the antebellum eraNew Orleans
75%
This British city has a history as a noted innovation hub: during the Industrial Revolution its residents registered 3 times as many patents as any other British city's Birmingham
75%
This Tuscan city is considered the birthplace of the Renaissance, during which time it was controlled from behind the scenes by the famous Medici familyFlorence
75%
This city, situated in a valley near the Andes, is home to South America's largest metro systemSantiago
72.2%
This city is home to Germany's third largest airport and is also a major hub in the Deutsche Bahn networkDüsseldorf
66.7%
Hint City % Correct
Grand Duke Gediminas is credited with building this city up to become the capital of a duchy extending from the Baltic to the Black SeaVilnius
61.1%
This capital city is the eastern terminus of the Trans-Sahelian Highway and also on the Tripoli-Cape Town Highway (although through the Sahara the latter is merely a desert track) N'Djamena
55.6%
In 1950, this city was the site of a decisive victory by UN forces over the Korean People's ArmyIncheon
55.6%
This Mediterranean city, founded by Moorish traders in 903, had a varied colonial history, with Spanish, Ottoman, and French periodsOran
50%
This Mediterranean city is renowned for its Bauhaus architecture that has inspired the nickname 'White City'Tel Aviv
50%
It was from his ashram in the suburb of this city that Mahatma Gandhi led a 24-day march to coastal Dandi to protest the British salt monopolyAhmedabad
47.2%
This western Chinese city was a major hub on the Silk Road during the Tang dynasty (7th - 9th c.) Ürümqi
44.4%
One of the hottest cities in the world with average highs of 30-42 C year-round, this city is the largest in its country and sits across the Nile from the national capitalOmdurman
41.7%
The oldest sample of wine in the world was discovered near this ancient city, one of the oldest in PersiaShiraz
25%
This city is at 4150 m the highest major metropolis in the world, and also the largest city in Latin America with a mostly Amerindian population El Alto
22.2%
During WWII, Japan is alleged to have dropped bombs containing fleas infested with the bubonic plague on this Chinese port cityNingbo
19.4%
This mining city delivered much silver for the Spanish crown, but it was also the venue of one of the bloodiest battles of the Mexican RevolutionZacatecas
13.9%
Remove Ads.
Support Sporcle.
Get the best of Sporcle when you Go Orange. This ad-free experience offers more features, more stats, and more fun while also helping to support Sporcle. Thank you for becoming a member.

You're not logged in!

Compare scores with friends on all Sporcle quizzes.
OR
Log In

Show Comments

Extras

Created Jan 11, 2015ReportNominate
Tags:City Quiz, Country Quiz

Top Quizzes Today


Score Distribution

Your Account Isn't Verified!

In order to create a playlist on Sporcle, you need to verify the email address you used during registration. Go to your Sporcle Settings to finish the process.

Report this User

Report this user for behavior that violates our Community Guidelines.

Details: